LEADER 01202cam a22003017a 4500 001 991001840719707536 008 020906s20022002sz ab b 001 0 ger d 020 $a3905083175 035 $ab13435450-39ule_inst 100 1 $aReusser, Christoph$0169521 245 10$aVasen für Etrurien :$bverbreitung und funktionen attischer keramik im Etrurien des 6. und 5. jahrhunderts vor Christus /$cChristoph Reusser. 260 $aZèurich :$bAkanthus,$cc2002 300 $a2 v. :$bill. ;$c27 cm. 440 0$aAkanthus crescens ;$v5 504 $aContiene bibliografia 546 $aTesto in tedesco con sommario in italiano e in inglese 650 4$aVasi antichi$zGrecia$zAtene 650 4$aVasi greci$zGrecia$zAtene 651 4$aEtruria$xCommercio$zGrecia 651 4$aGrecia$xCommercio$zEtruria 651 4$aEtruria$xAntichità 651 4$aGrecia$xAntichità 907 $a.b13435450$b02-04-14$c06-09-06 912 $a991001840719707536 945 $aLE001 AR III 303-304 4°$g1$i2001000158904$i2001000158898$lle001$op$pE75.00$q-$rl$s- $t0$u0$v0$w0$x0$y.i14287250$z06-09-06 996 $aVasen fur Etrurien$91057821 997 $aUNISALENTO 998 $ale001$b06-09-06$cm$da $e-$fger$gsz $h0$i0